00327nam a2200121 a 4500001000400000003000500004005001700009008004100026040002000067100003200087245006600119260002000185862CDMR20130116135158.0130130s ||||||||||||||||||||||||||||d aCDMRbcatcCDMR1 aParadera Franquesa, Alberto13aEl bandolerísmo en Catalunya...cAlberto Paradera Franquesa aBarcelona>b1974